| 000 | 01046nam a2200205Ia 4500 | ||
|---|---|---|---|
| 999 |
_c37417 _d37417 |
||
| 001 | 3376 | ||
| 003 | GE_BSU | ||
| 005 | 20190605200120.0 | ||
| 008 | 181216s1970||||ge |||||||||||||| ||geo|| | ||
| 040 | _cGE_BSU | ||
| 041 | _ageo | ||
| 080 | _a658.5 გ–26 | ||
| 100 |
_aგეგეშიძე, გ. _92192 |
||
| 245 |
_aტიპიური საწარმოო პროცესების მართვისა და კონტროლის ავტომატიზაცია : სახელმძღ. / _cგ.გეგეშიძე ; რედ : ლ. მაღულარია. |
||
| 264 |
_aთბილისი : _bგანათლება, _c1970. |
||
| 300 |
_a98 გვ .: _bნახაზ. _c22 სმ. |
||
| 653 | _aტიპიური საწარმოო პროცესების მართვისა და კონტროლის ავტომატიზაცია. | ||
| 700 |
_aმაღულარია, ლ. _eრედაქტორი _92193 |
||
| 942 |
_cBK _2udc |
||